Business Today (Record no. 5514)

MARC details
000 -LEADER
fixed length control field 00295nam a22001337a 4500
005 - DATE AND TIME OF LATEST TRANSACTION
control field 20170729152229.0
008 - FIXED-LENGTH DATA ELEMENTS--GENERAL INFORMATION
fixed length control field 170729b xxu||||| |||| 00| 0 eng d
022 ## - INTERNATIONAL STANDARD SERIAL NUMBER
ISSN 9 770974 365009
245 ## - TITLE STATEMENT
Title Business Today
250 ## - EDITION STATEMENT
Edition statement Vol 26, Issue No 14
260 ## - PUBLICATION, DISTRIBUTION, ETC. (IMPRINT)
Year of publication 2017
300 ## - PHYSICAL DESCRIPTION
Number of Pages 112
942 ## - ADDED ENTRY ELEMENTS (KOHA)
Koha item type Journals/Serial
Holdings
Lost status Damaged status Home library Current library Date acquired Source of acquisition Cost, normal purchase price Accession Number Koha item type
    JRU Library   29/07/2017 Purchase 70.00 BT0003 Journals/Serial
    JRU Library   29/07/2017 Purchase 70.00 BT0001 Journals/Serial
    JRU Library   29/07/2017 Purchase 70.00 BT0002 Journals/Serial